Catálogo - Centro de Recursos para el Aprendizaje y la Investigación

Volver al Sitio - CRAI Biblioteca

Sangre y rabia : (Registro nro. 114302)

Detalles MARC
000 -CABECERA
campo de control de longitud fija 01152nam a22002177a 4500
001 - NÚMERO DE CONTROL
campo de control 114302
003 - IDENTIFICADOR DEL NÚMERO DE CONTROL
campo de control DR-UNIBE
005 - FECHA Y HORA DE LA ÚLTIMA TRANSACCIÓN
campo de control 20260119152159.0
008 - DATOS DE LONGITUD FIJA--INFORMACIÓN GENERAL
campo de control de longitud fija 260116b2008 mx ||||| |||| 00| 0 spa d
020 ## - NÚMERO INTERNACIONAL ESTÁNDAR DEL LIBRO
Número Internacional Estándar del Libro 9786071100085
040 ## - FUENTE DE LA CATALOGACIÓN
Centro catalogador/agencia de origen BIBLIOTECA UNIBE
Centro/agencia transcriptor BIBLIOTECA UNIBE
Normas de descripción rda
041 ## - CÓDIGO DE LENGUA
Código de lengua del texto/banda sonora o título independiente spa
082 ## - NÚMERO DE LA CLASIFICACIÓN DECIMAL DEWEY
Número de clasificación 363.1 B961s
100 ## - ENTRADA PRINCIPAL--NOMBRE DE PERSONA
Nombre de persona Burleigh, Michael
9 (RLIN) 201632
Término indicativo de función/relación autor
245 10 - MENCIÓN DE TÍTULO
Título Sangre y rabia :
Resto del título una historia cultural del terrorismo /
Mención de responsabilidad, etc. Michael Burleigh
260 ## - PUBLICACIÓN, DISTRIBUCIÓN, ETC.
Lugar de publicación, distribución, etc. Barcelona :
Nombre del editor, distribuidor, etc. Taurus,
Fecha de publicación, distribución, etc. 2013
300 ## - DESCRIPCIÓN FÍSICA
Extensión 736 páginas :
Otras características físicas ilustraciones
505 ## - NOTA DE CONTENIDO CON FORMATO
Nota de contenido con formato Capítulo 1. Verde: los dinamiteros fenianos | <br/>Capítulo 2. Rojo: nihilistas y revolucionarios rusos | <br/>Capítulo 3. Negro: los anarquistas y el terrorismo | <br/>Capítulo 4. Muerte al sol: terrorismo y descolonización | <br/>Capítulo 5. Llamar la atención: septiembre negro y el terrorismo internacional | <br/>Capítulo 6. Jóvenes blancos y culpables: las brigadas rojas Y la facción del ejército rojo | <br/>Capítulo 7. El terror en los países pequeños | <br/>Capítulo 8. Rabia mundial: terrorismo islámico | <br/>
650 #7 - PUNTO DE ACCESO ADICIONAL DE MATERIA--TÉRMINO DE MATERIA
Fuente del encabezamiento o término lemb
Término de materia o nombre geográfico como elemento de entrada Terrorismo
942 ## - ELEMENTOS DE PUNTO DE ACCESO ADICIONAL (KOHA)
Fuente del sistema de clasificación o colocación Sistema de Clasificación Decimal Dewey
Tipo de ítem Koha Libro (general)
Existencias
Estado de retiro Estado de pérdida Fuente del sistema de clasificación o colocación No para préstamo Código de colección Localización permanente Fecha de adquisición Total de préstamos Signatura topográfica completa Código de barras Fecha visto por última vez Número de copia Precio válido a partir de Tipo de ítem Koha
  Disponible Sistema de Clasificación Decimal Dewey   General Biblioteca Central UNIBE 01/12/2025   363.1 B961s 260016 19/01/2026 Ej. 1 19/01/2026 Libro (general)